Musical Instruments in French - Statistics

General Stats
  • This quiz has been taken 51 times
    17 since last reset
  • The average score is 28 of 52
Answer Stats
Picture Hint Answer % Correct
Piano Un piano
100%
Clarinet Une clarinette
69%
Double bass (contrabass) Une contrebasse
69%
Flute Une flûte
69%
Harp Une harpe
69%
Lyre Une lyre
69%
Piccolo Un piccolo
69%
Saxophone Un saxophone
69%
Banjo Un banjo
63%
Cor anglais Un cor anglais
63%
Cymbal Une cymbale
63%
Classical guitar Une guitare classique
63%
Electric Guitar Une guitare électrique
63%
Trumpet Une trompette
63%
Marimba Un marimba
63%
Organ Un orgue
63%
Tom-tom (tam-tam) Un tam-tam
63%
Triangle Un triangle
63%
Trombone Un trombone
63%
Tuba Un tuba
63%
Ukulele Un ukulélé
63%
Vibraphone Un vibraphone
63%
Violin Un violon
63%
Cello (violoncello) Un violoncelle
63%
Xylophone Un xylophone
63%
Bongos Les bongos (f)
56%
Acoustic guitar Une guitare acoustique
56%
Bass guitar Une guitare basse
56%
Gong Un gong
56%
Harmonica Un harmonica
56%
Oboe Un hautbois
56%
Drum Un tambour
56%
Tambourine Un tambourin
56%
Accordion Un accordéon
50%
Bassoon Un basson
50%
Keyboard Un clavier
50%
Drum set Une batterie
50%
Cornet Un cornet
44%
Snare drum Une caisse claire
44%
Glockenspiel Un glockenspiel
44%
Lute Un luth
44%
Viola Un alto
38%
Celesta Un celesta
38%
Bass drum (kick drum) Une grosse caisse
38%
Euphonium Un euphonium
38%
Tubular bells Les cloches tubulaires
31%
Harpsichord Un clavecin
31%
Hi-hat Une charleston
31%
Recorder Une flûte à bec
31%
Clavichord Un clavicorde
25%
Timpani (singular) Une timbale
25%
French Horn Un cor d'harmonie
19%
No matching quizzes found
Score Distribution
Percent of People with Each Score
Percentile by Number Answered
Your Score History
You have not taken this quiz since the last reset